[Event "FRA-ch Prelim Gr-A"]
[Site "Besancon"]
[Date "1999.08.17"]
[Round "2"]
[White "Lautier, Joel"]
[Black "Anic, Darko"]
[Result "1/2-1/2"]
[WhiteElo "2638"]
[BlackElo "2467"]
[Annotator "Tsesarsky,I"]
[PlyCount "83"]
[EventDate "1999.08.16"]
[EventType "tourn"]
[EventRounds "7"]
[EventCountry "FRA"]
[EventCategory "11"]
[SourceTitle "CBM 073"]
[Source "ChessBase"]
[SourceDate "1999.12.01"]
[SourceVersion "1"]
[SourceVersionDate "1999.12.01"]
[SourceQuality "1"]

1. d4 d5 2. c4 c6 3. Nf3 Nf6 4. Nc3 e6 5. Bg5 Nbd7 6. e3 Qa5 7. cxd5 (7. Nd2 {
Main line}) 7... exd5 8. Bd3 Ne4 9. O-O Nxg5 (9... Nxc3 10. Qd2 $1 (10. bxc3
Qxc3 11. e4 h6 (11... Nb6 12. exd5 Nxd5 13. Re1+ Be6 14. Bf5 $44 {1-0
Porreca-Bezzi/cr 1946 (28)}) 12. Bh4 dxe4 13. Bxe4 Bd6 14. Re1 O-O 15. Bc2 Nb6
16. Re3 Qc4 17. Ne5 Qb5 18. a4 Qa5 19. Qd3 f5 20. Ng6 $44 {1-0 Menzel,J-Kremer,
T/cr 1991 (30)}) (10. Qe1 h6 11. Bf4 Ba3 $1 (11... Be7 12. Qxc3 Qxc3 13. bxc3
$132 {1-0 Stone,R-Rohanchuk,E/Ontario ,EXT 1990 (25)}) (11... Bb4 12. a3 $14)
12. bxa3 $1 (12. Qxc3 Qxc3 13. bxc3 Bb2 14. Rab1 Bxc3 15. Rfc1 Ba5 $15) 12...
Qxa3 13. e4 dxe4 (13... O-O 14. Bc1 $1 $18) 14. Bxe4 Nxe4 15. Qxe4+ Kf8 (15...
Qe7 16. Rae1 Qxe4 17. Rxe4+ Kd8 18. Rfe1 Nb6 19. Re7 Nd5 20. Rxf7 Re8 21. Bd6
Rxe1+ 22. Nxe1 $16) 16. Rfe1 Nf6 17. Qe5 Kg8 18. Qc7 Qf8 19. Bd2 Nd5 20. Qg3
Be6 $44) 10... h6 (10... Bb4 11. a3 Ne4 12. Qxb4 Qxb4 13. axb4 O-O 14. b5 $14 {
0-1 Torres-Pons,S/Palma de Mallorca 1992 (33)}) 11. Bf4 Ba3 (11... g5 12. Bg3
Bg7 13. bxc3 O-O 14. c4 $14) 12. bxc3 O-O 13. c4 $14) 10. Nxg5 Be7 (10... Qd8
11. f4 Nf6 12. Qc2 (12. e4 h6 (12... dxe4 13. Bc4 Nd5 14. Qb3 h6 15. Ngxe4 Be7
16. Nxd5 cxd5 17. Bxd5 O-O 18. f5 (18. Rad1 $16) 18... Bf6 19. Rad1 $16 {
1-0 Esposito,A-Mangini,J/Mar del Plata 1957 (46)}) 13. Nf3 dxe4 14. Nxe4 Nd5
15. Ne5 Bf5 (15... Qb6 16. Bc4 Be6 17. f5 Ne3 18. fxe6 Nxd1 19. exf7+ Kd8 20.
Raxd1 Kc7 21. Ng6 Rh7 22. Nxf8 Rxf8 23. Nc5 Rhh8 24. Rde1 $16) 16. Qh5 g6 17.
Qf3 Bg7 18. g4 Nxf4 19. Nxf7 Qxd4+ 20. Kh1 O-O $1 (20... Qxd3 21. Ned6+ $16 {
1-0 Frydman,P-Vistaneckis,I/Stockholm ol ,HCL 1937 (29)}) 21. gxf5 Rxf7 22.
Qxf4 Qxd3 $17) (12. Qb3 h6 13. Nf3 Be7 14. Rae1 O-O 15. Bb1 Qb6 16. Qc2 Bb4 (
16... Re8 17. Ne5 Bd6 $132) 17. a3 Bxc3 18. Qxc3 Re8 $132 {0-1 Esposito,
A-Guimard,C/Mar del Plata zt 1951 (39)}) 12... Bb4 13. Kh1 h6 14. Nf3 O-O 15.
Ne5 c5 16. a3 Bxc3 17. Qxc3 c4 (17... cxd4 18. Qxd4 Qe7 19. Rac1 $14) 18. Bc2
Bd7 19. a4 Qc8 20. b3 cxb3 21. Qxb3 Bf5 22. Rfc1 Bxc2 23. Rxc2 Qf5 24. Rc7 $14
{1/2-1/2 Lehmann-Robatsch/Marianske Lazne 1965 (41)}) (10... Nf6 11. Re1 (11.
Qc2 h6 12. Nf3 Bd6 13. Rae1 (13. h3 Qc7 14. a3 O-O 15. b4 Qe7 16. b5 (16. Qb3
$6 Ne4 17. b5 Re8 18. bxc6 bxc6 19. Qc2 Bf5 $11 {1/2-1/2 Cvitan,O-Raicevic,V/
Val Thorens 1984 (28)}) 16... Bxa3 17. bxc6 bxc6 18. Ne5 Bb7 19. Rfb1 Bd6 20.
Ba6 $1 $14) 13... O-O $132 (13... Qc7 14. e4 dxe4 15. Nxe4 Nxe4 16. Rxe4+ Kf8
17. Rfe1 {1-0 Naivelt,M-Arakelian,A/cr Tch10-URS 1994 (17)} Be6 18. Ne5 $16 {
[%csl Rf8]})) (11. h3 Bd6 (11... h6 12. Nf3 Bb4 13. Qc2 O-O 14. a3 Bd6 15. b4
Qc7 16. b5 $14 (16. Rfc1 Qe7 17. Na4 Ne4 18. Bxe4 dxe4 19. Nd2 Bf5 20. Nc5 Rae8
$132 {0-1 Stojanovski,I-Popov,V/Macedonia ch 1993 (34)})) 12. f4 Qc7 (12... O-O
13. Qc2 g6 14. Rae1 Bd7 15. a3 c5 16. Qf2 Kg7 17. e4 $16 {1-0 Avshalumov,
A-Anastasian,A/Sevastopol 1986 (35)}) 13. Qc2 h6 14. Nf3 Be6 15. Ne5 Qe7 16. a3
O-O 17. Rae1 c5 18. g4 a6 (18... cxd4 19. exd4 Qd8 (19... Rfc8 20. f5 $16) 20.
Nb5 $14) 19. Qg2 Rad8 20. Kh1 Rfe8 (20... Bb8 $2 {[%csl Re7]} 21. g5 hxg5 22.
Qxg5 $18 {1-0 Salov,V-Raicevic,V/Moskva 1986 (25)}) 21. Rg1 (21. g5 hxg5 22.
Qxg5 Ne4 $15) 21... g5 22. Rgf1 $14) 11... h6 (11... Be7 12. Qc2 Bd7 13. Rac1
Rd8 14. a3 Bc8 15. h3 Qc7 16. Na4 Bd6 17. Nc5 h6 18. Nf3 O-O 19. b4 $14 {
0-1 Trifunovic,P-Bogoljubov,E/Birmingham 1951 (42)}) 12. Nf3 Bb4 13. Qc2 O-O
14. a3 Bd6 15. Ne5 Be6 16. f4 Rfc8 17. h3 c5 18. Qf2 Qd8 19. Kh1 Rab8 20. Qf3
cxd4 21. exd4 Qb6 22. f5 $16 {1-0 Gofshtein,L-Godena,M/Genoa 1998 (29)}) 11. f4
(11. Qh5 g6 (11... Bxg5 12. Qxg5 O-O 13. Rab1 Nf6 14. b4 Qd8 15. b5 $14 {
1-0 Najdorf-Guimard/Mar del Plata 1947 (64)}) 12. Qh6 Bf8 13. Qh4 Qd8 (13... h6
14. Nf3 Qc7 15. Rac1 Qd6 16. Qf4 (16. Rfe1 Be7 17. Qg3 Qxg3 18. hxg3 Nb6 $132)
16... Qxf4 17. exf4 Bd6 18. Rfe1+ Kf8 19. Ne5 $11 {0-1 Casas,F-Letelier
Martner,R/Mar del Plata 1958 (57)}) 14. Nf3 (14. e4 h6 15. exd5 Be7 (15... Qxg5
16. Qe4+ Kd8 17. dxc6 bxc6 18. Qxc6 Nb6 19. Nb5 $40) 16. Rfe1 Kf8 $17 {0-1
Derieux,C-Godena,M/Paris 1998 (24)}) 14... Qxh4 15. Nxh4 $11) 11... Nf6 (11...
Bxg5 12. fxg5 Nf8 13. e4 (13. Qf3 Be6 14. Bf5 Qc7 15. Rac1 Qe7 16. e4 Bxf5 (
16... dxe4 17. Bxe4 (17. Nxe4 Rd8 18. Rce1 $14 {[%csl Re8]}) 17... Nd7 18. d5
cxd5 19. Nxd5 Bxd5 20. Bxd5 Ne5 21. Bxf7+ Qxf7 22. Qe2 Qe7 23. Qb5+ $18) 17.
exf5 Qxg5 18. Rfe1+ Kd8 19. Nxd5 Nd7 20. Nc3 $16 {[%csl Rd8]}) 13... dxe4 14.
Nxe4 Qd8 15. d5 $1 $14) 12. Qc2 (12. Qe1 Qb6 (12... h6 13. Nf3 O-O 14. a3 Qd8
15. Ne5 c5 16. Rd1 cxd4 17. exd4 Bd7 18. Bb1 Rc8 19. Qe3 Re8 20. Qd3 Bc6 $132 {
1/2-1/2 Najdorf,M-Horowitz,I/Havana 1952 (38)}) 13. Rb1 Bd7 14. Nf3 Kf8 15. Ne5
Be8 16. b4 a6 17. Na4 $14 {0-1 Janowski,D-Bogoljubow,E/New York 1924 (82)})
12... h6 13. Nf3 O-O 14. Ne5 (14. h3 c5 15. Rae1 c4 16. Be2 Bb4 17. Nd2 Bd7 18.
Bf3 Rad8 19. Re2 Rfe8 20. g4 g6 21. Bxd5 Nxd5 22. Nxc4 Nxc3 23. Nxa5 Nxe2+ 24.
Qxe2 Bxa5 25. f5 g5 26. Rd1 Bb6 $17 {0-1 Pelletier,Y-Borgo,G/FIJ97 B12 1997 
(39)}) 14... c5 15. a3 Rd8 16. b4 $1 {Unexpectedly and strongly.} cxb4 17. axb4
Qb6 (17... Qxb4 18. Rfb1 Qd6 19. Nb5 Qb8 20. Nc7 $16) 18. Rfb1 (18. Na4 Qd6 19.
Qc5 Be6 20. Qxd6 Bxd6 21. Nc5 Bc8 22. Rfc1 $14) 18... Bd7 19. Qb3 {[%csl Rd5]}
Be8 20. Be2 {[%csl Rd5][%cal Ge2f3]} Qe6 21. Bf3 a6 22. f5 $1 (22. b5 a5 $132)
22... Qd6 (22... Qxf5 23. Nxd5 Bd6 (23... Nxd5 24. Bxd5 $16 {[%csl Rb7,Rf7]
[%cal Gb1f1]}) 24. Rf1 $1 (24. Nxf6+ $6 Qxf6 (24... gxf6 25. Nc4 $16) 25. Bxb7
Rab8 26. Bxa6 (26. Rf1 Qe7 27. Bxa6 Bxe5 28. dxe5 Rxb4 $11) 26... Rxb4 27. Qd3
Rxb1+ 28. Rxb1 Bxe5 29. dxe5 Rxd3 30. exf6 Rxe3 $11) 24... Qg5 25. Nxf6+ gxf6
26. Nc4 $16) 23. Ra5 $1 {[%csl Rd5] Compelling the following move and creating
in camp black one more weakness - a6} (23. b5 a5 24. b6 Bf8 $132) 23... b5 {
[%csl Ra6]} 24. Qa2 Rac8 $2 {Carelessness.It was not necessary to leave
without protection the pawn a6.} (24... Bf8 25. Ne2 Ra7 26. Nf4 $14) 25. Ne2 $2
$14 {Black give and white do not take...} (25. Rxa6 $1 Rxc3 26. Rxd6 Bxd6 27.
Qa6 $18) 25... Ne4 $2 $16 (25... Ra8 $14) 26. Rxa6 Qb8 27. Bxe4 dxe4 28. Nf4 (
28. Ra7 Rc7 29. Rxc7 Qxc7 30. Ng3 Bd6 31. Qd5 Bxb4 (31... Bxe5 32. Qxe5 Qxe5
33. dxe5 Rd5 34. Nxe4 Rxe5 35. Nd6 Rxe3 36. Rc1 Kf8 37. Rc8 g6 38. Kf2 Re5 39.
fxg6 fxg6 40. Kf3 Ke7 41. Nxe8 Kd7 42. Rb8 Rxe8 43. Rxe8 Kxe8 44. Ke4 $18) 32.
Qxe4 Be7 33. Nh5 $16) 28... Bd6 29. Qb2 $2 $14 (29. Qd5 $1 {[%csl Re4]} Bxb4 (
29... Bxe5 30. Qxe5 Qxe5 31. dxe5 Rc3 32. Rba1 Kf8 33. e6 Rd2 34. Ra7 $18) 30.
Qxe4 Bd6 31. f6 $1 $16) 29... Qc7 30. h3 (30. f6 $1 Qc2 (30... gxf6 31. Nd5 $18
) (30... Bxe5 31. dxe5 g5 32. Ne2 Rd3 33. Ng3 $16) 31. Qxc2 Rxc2 32. Ng4 (32.
fxg7 Kxg7 33. Ra7 (33. Nh5+ Kf8) 33... Kg8 34. h4 Rdc8 35. Nd5 $14) 32... Kh7
$132) 30... Qc3 31. Qf2 $2 $15 (31. Qxc3 Rxc3 32. Kf2 (32. Nd5 Rc2 33. f6 Bxe5
34. Ne7+ Kh7 35. dxe5 Rdd2 36. g4 Rg2+ 37. Kh1 Rh2+ 38. Kg1 Bd7 (38... Rxh3 39.
fxg7 Kxg7 40. Nf5+ Kf8 41. Rxh6 Rxh6 42. Nxh6 $16) (38... Rhg2+ $11) 39. fxg7
Kxg7 40. Rd1 Be6 41. Nf5+ Bxf5 42. gxf5 Rcg2+ 43. Kf1 Rb2 44. Kg1 Rxh3 45. e6
fxe6 46. Rxe6 $11) 32... Rc2+ 33. Kf1 $14) 31... Bxe5 32. dxe5 Qxe5 33. f6 $2
$17 {White spoil such good position...} (33. g4 $1 Qc3 34. Qe1 Rd2 35. Ra3 Qc2
36. Rba1 Kh7 $15) 33... g5 {[%csl Rf6]} (33... gxf6 34. g4 {[%cal Gf4h5]} (34.
Qh4 Qg5) 34... Rc6 35. Rxc6 Bxc6 36. Nh5 f5 37. Rc1 Bb7 38. Qxf5 (38. Rc5 Rd1+
39. Kg2 Qd6 $17) 38... Qxf5 39. gxf5 $16 {[%csl Rb5,Re4]}) 34. Nh5 Rc6 (34...
Rd3 35. Ng3 Rcd8 36. Kh2 R3d6 37. Rxd6 Rxd6 38. Rf1 Bd7 $15) 35. Ra7 Rcd6 36.
Rf1 Rd2 37. Qg3 Qxg3 $1 (37... Qb2 38. Rf5 {[%csl Rg5][%cal Gf5g5]} Kh8 39. Re7
(39. Rxg5 hxg5 40. Qxg5 Rxg2+ 41. Qxg2 Rd1+ 42. Kh2 Rd2 $19) 39... Rd1+ 40. Kh2
Qb1 41. Qf2 Qxb4 42. Ng3 (42. Rfe5 Qd6 43. Ng3 Bc6 44. Qf5 {[%csl Rf7]} Bd7 45.
Qxe4 Kg8 46. Rxf7 Kxf7 47. Re7+ Kxf6 48. Rh7 Be6 49. Rxh6+ Ke7 50. Qh7+ Ke8 51.
Qg7 (51. Qe4 Ke7 (51... Qd5 52. Rxe6+ Kd7 53. Re7+ Kc8 54. Qc2+ Qc4 55. Qf5+
R8d7 56. Qxg5 $16) 52. Qh7+ $11) 51... Qe7 52. Nh5 Rf1 $19) 42... R1d2 43. Qf1
Qd6 44. Qa1 Bd7 45. Rfe5 Rd5 46. Rxd5 Qxd5 47. Nxe4 Be6 48. Ng3 b4 49. e4 Qc5
$17 {[%csl Yb4]}) 38. Nxg3 Rb2 39. Re7 $2 $19 (39. Nxe4 Rxb4 $17) 39... Rxb4 $4
$11 (39... Rdd2 $1 {Apparently zeitnot has prevented black to find this not a
complex(difficult) winning move.} 40. Rxe8+ Kh7 41. Kh1 Rxg2 42. Rb1 Rh2+ 43.
Kg1 Rbg2+ 44. Kf1 Rxg3 $19) 40. Nf5 Kh7 (40... h5 41. Nh6+ Kh7 (41... Kf8 42.
Re5 $18 {[%csl Rg5][%cal Ge5g5,Gg5g8]}) 42. Nxf7 Bxf7 43. Rxf7+ $11) (40... Kf8
41. Nxh6 Rd5 42. Rc1 Rc4 43. Ra1 Ra4 $11) 41. Ng7 Rb2 (41... Bd7 42. Rd1 Kg6
43. Rdxd7 Rxd7 44. Rxd7 Kxf6 45. Ne8+ Ke6 46. Rd2 Rb1+ 47. Kf2 $16) 42. Nxe8 (
42. Nxe8 Rdd2 $11 {[%csl Rg2,Rh2]}) 1/2-1/2

[Event "Capablanca Memorial Elite 34th"]
[Site "Havana"]
[Date "1999.05.08"]
[Round "2"]
[White "Atalik, Suat"]
[Black "Nogueiras Santiago, Jesus"]
[Result "1/2-1/2"]
[WhiteElo "2593"]
[BlackElo "2540"]
[Annotator "Tsesarsky,I"]
[PlyCount "125"]
[EventDate "1999.05.??"]
[EventType "tourn"]
[EventRounds "13"]
[EventCountry "CUB"]
[EventCategory "12"]
[SourceTitle "CBM 071"]
[Source "ChessBase"]
[SourceDate "1999.08.01"]
[SourceVersion "1"]
[SourceVersionDate "1999.08.01"]
[SourceQuality "1"]

{[%mdl 20480]} 1. d4 d5 2. c4 c6 3. Nf3 Nf6 4. Nc3 e6 5. Bg5 Nbd7 6. e3 Qa5 7.
cxd5 Nxd5 8. Qd2 Bb4 9. Rc1 h6 10. Bh4 c5 11. a3 (11. Bd3 cxd4 (11... b6 12.
O-O O-O 13. e4 (13. a3 Bxc3 14. bxc3 Bb7 (14... Ba6 15. Bxa6 Qxa6 16. e4 N5f6
17. e5 Nd5 (17... Nh7 18. d5 $14) 18. c4 Nc7 19. Be7 Rfe8 20. Bd6 Rac8 21. Rfd1
$14) 15. Qb2 (15. c4 Qxd2 16. Nxd2 N5f6 17. f3 $14) 15... Rfc8 16. Nd2 cxd4 17.
cxd4 Ba6 18. Nc4 Qa4 19. Qc2 Qxc2 20. Rxc2 Bxc4 21. Rxc4 (21. Bxc4 b5 22. Bxd5
exd5 23. Rb2 (23. Rfc1 Rc4 $11) 23... a6 $11) 21... Rxc4 22. Bxc4 Rc8 23. Bb5
N7f6 24. h3 $14) 13... cxd4 14. exd5 dxc3 15. bxc3 Ba3 16. dxe6 Bxc1 17. exf7+
Rxf7 18. Rxc1 Nf8 $15) 12. exd4 b6 13. O-O O-O 14. Bb1 (14. a3 Bxc3 15. bxc3
Bb7 16. Bb1 (16. Be4 $5 f5 17. Bb1 (17. Bxd5 $2 Bxd5 18. Be7 Rf7 19. Bb4 Qa4
20. c4 (20. Qf4 Qc6 21. Rfe1 a5 22. Bd6 g5 $17) 20... Bxf3 21. gxf3 a5 22. Bd6
Qc6 $17 {0-1 Pelletier,Y-Oll,L/Elista RUS 1998 (31)}) 17... Qxa3 18. c4 N5f6
19. Rc3 Qb4 20. Qe3 Rae8 21. Bxf6 Nxf6 22. Re1 $17) 16... Qxa3 17. c4 N5f6 18.
d5 (18. Ne5 Nxe5 19. dxe5 Ne4 $15) 18... exd5 19. Nd4 (19. Bf5 Rfd8 20. cxd5
Qd6 (20... Bxd5 21. Bxd7 Rxd7 22. Bxf6 gxf6 23. Nh4 Qf8 24. Qf4 $44) 21. Rfd1
Bxd5 $19) 19... Rfe8 20. Nf5 Re6 21. Rc3 Qa5 22. Nxg7 Kxg7 23. Rg3+ Kf8 24.
Qxh6+ Ke7 25. Bf5 d4 $17 {0-1 Vegh,E-Pinter,J/Budapest 1986 (54)}) 14... Ba6
15. Qc2 f5 16. Nxd5 Qxd5 17. Rfd1 Bb7 (17... Bd6 $1 18. Qd2 (18. Bg3 Rac8 19.
Qd2 f4 20. Rxc8 Bxc8 21. Bh4 g5 22. Qc2 Qf5 23. Qb3 Qf6 24. Nxg5 hxg5 25. Bxg5
Qf7 26. Qh3 Bb7 $44) 18... g5 19. Nxg5 (19. Bg3 f4 20. Qc2 Rf7 $17) 19... hxg5
20. Qxg5+ Kf7 21. Qh5+ Kg7 22. Qg5+ $11) 18. a3 (18. Bg3 $2 Rac8 (18... a5 19.
a3 Rac8 20. Qe2 Be7 21. b4 $1 $16 {[%csl Re6][%cal Gb1a2] 1-0 Polugaevsky,
L-Janosevic,D/Amsterdam 1970/Inf 10 (27)}) 19. Qe2 Rxc1 20. Rxc1 f4 21. Bh4 g5
22. Qd3 Rf7 $17) 18... Bd6 19. b4 $16 {[%csl Re6][%cal Gb1a2]}) (11. e4 cxd4
12. Qxd4 (12. exd5 dxc3 13. bxc3 Ba3 14. dxe6 Bxc1 15. exd7+ Bxd7 16. Qxc1 Rc8
17. Bd3 Rxc3 18. Qe3+ Be6 19. O-O O-O 20. Qe4 g6 21. Bf6 Bf5 22. Qe1 $14) 12...
N5f6 (12... Nxc3 13. bxc3 Ba3 14. Qxg7 $16) 13. Bc4 $132) 11... Bxc3 12. bxc3
b6 (12... Qxa3 13. e4 N5f6 14. Bd3 Qa5 15. d5 exd5 (15... c4 16. Bxc4 exd5 $2 (
16... Nxe4 $1 17. Qd4 Ndf6 (17... exd5 18. Qxg7 Rf8 19. Qd4 Nb6 $15) 18. d6 O-O
19. Bd3 Qd5 $17) 17. Bxd5 (17. exd5 O-O 18. O-O Nb6 19. Bxf6 Nxc4 20. Qd4 gxf6
21. Qxc4 $16) 17... Nxd5 18. exd5 O-O 19. O-O Nb6 (19... f6 20. Rfe1 Nb6 21. c4
$16 {1-0 Gurevich,M-Cardon,H/Belgique 1994/Inf 60/(41)} (21. d6 Bg4 22. Re7 Rf7
)) 20. Be7 Re8 21. d6 Bg4 $14) 16. e5 Ne4 17. Bxe4 dxe4 18. Qd6 g5 $2 (18... f6
19. exf6 (19. Qe6+ Kf8 20. Qd6+ Kg8 21. Qd5+ Kf8 22. Qd6+ $11) 19... Nxf6 20.
Bxf6 gxf6 21. Qxf6 Rg8 22. Qe5+ Kf8 23. Qf6+ (23. Qxe4 Rxg2 24. Ne5 Rg5 25. h4
Rg7 $132) 23... Ke8 24. Ne5 Qc7 25. Nc4 Qe7 26. Nd6+ Kd8 27. Nf7+ Ke8 28. Nd6+
$11) 19. Nxg5 Qb6 (19... Qa3 20. Nxe4 Qxc1+ 21. Ke2 Qc2+ (21... Qxh1 22. Qe7#)
22. Ke3 f6 23. e6 Rh7 24. Rd1 $18) 20. Nxe4 Qxd6 21. Nxd6+ Kf8 22. f4 $16 {
1-0 Petursson,M-Halasz,T/Naestved op 1988 (26)}) 13. e4 (13. Bd3 Bb7 (13... Ba6
14. c4 Qxd2+ 15. Nxd2 N5f6 16. Ke2 $14) 14. O-O N5f6 (14... cxd4 15. cxd4 Qxd2
16. Nxd2 $14) (14... Qxa3 15. e4 N5f6 16. Ra1 Qb3 17. Rfb1 $18) 15. Qe2 O-O 16.
Nd2 (16. e4 Rfc8 17. e5 Nd5 18. Qe4 Nf8 19. c4 Nb4 20. axb4 Bxe4 21. bxa5 Bxd3
22. Rfd1 Be2 23. Rd2 Bxf3 24. gxf3 cxd4 25. axb6 axb6 26. Rxd4 Ng6 27. Bg3 Ra4
$17 {[%csl Rg3]}) 16... cxd4 17. cxd4 $14 {1-0 Beliavsky,A-Rabiega,R/Graz op
1996/CBM 54/ (36)}) 13... N5f6 14. Bd3 Ba6 (14... Bb7 15. d5 c4 (15... exd5 16.
e5 Ng4 (16... Ne4 17. Bxe4 dxe4 18. Qd6 g5 19. Nxg5 hxg5 20. Bxg5 f6 21. Qe6+
Kd8 22. exf6 Kc7 23. Bf4+ Kc8 24. f7 b5 25. Be5 Rf8 26. Rd1 $18) 17. Qf4 $5 (
17. e6 $5 Nde5 (17... fxe6 18. Bg6+ Kf8 19. Qf4+ Ngf6 20. Qd6+ Kg8 21. Qxe6+
Kf8 22. Qf7#) 18. exf7+ Kf8 19. O-O g5 20. Nxe5 Nxe5 21. Bg3 Nxf7 22. f4 $16)
17... g5 18. Bxg5 (18. Qxg4 gxh4 19. e6 fxe6 20. Qxe6+ Kd8 21. O-O Kc7 $15)
18... hxg5 19. Qxg4 Qxa3 20. O-O c4 21. Bf5 Qe7 22. Rce1 Nf8 23. Nxg5 Qc7 24.
f4 $16) 16. dxe6 (16. Bb1 exd5 17. e5 Ne4 18. Bxe4 dxe4 19. Qd6 Qc5 $19) 16...
cxd3 17. exd7+ Nxd7 18. Qxd3 g5 19. Bg3 Nc5 $132 20. Qd6 {1/2-1/2 Kramnik,
V-Ivanchuk,V/Novgorod 1995/CBM 48/[Dolmatov] (20)}) 15. Bxa6 Qxa6 16. e5 Nh7 (
16... Nd5 17. c4 Nc7 18. d5 Qxa3 19. O-O Qb4 20. Qd3 $44) 17. d5 Qc4 (17... g5
18. Bg3 Qxa3 19. O-O Qa4 $132) 18. dxe6 (18. d6 g5 (18... Nxe5 19. d7+ Nxd7 20.
Qxd7+ $1 Kxd7 21. Ne5+ $18) 19. Bg3 g4 20. Nh4 Ng5 21. Qe2 Qxe2+ 22. Kxe2 Ne4
23. Bf4 c4 24. f3 gxf3+ 25. Nxf3 $14) 18... Qxe6 19. O-O O-O 20. Rfe1 Rfe8 21.
Rcd1 Ndf8 (21... Nhf8 $2 22. Qc2 b5 (22... Qg6 23. Qxg6 fxg6 24. e6 Nf6 25.
Bxf6 gxf6 26. e7 Nh7 27. Rd7 Ng5 28. Nd2 Nf7 29. f4 $16) 23. Rd6 Qg4 (23... Qc4
24. Re4 $18) 24. h3 Qa4 25. Qxa4 bxa4 26. Bg3 $16) 22. Qc2 Qg6 23. Qa4 Qf5 24.
Re3 (24. Rd6 Ne6 (24... Ng6 25. Bg3 Ng5 26. Nxg5 Qxg5 27. f4 Qg4 28. Qd7 Qxd7
29. Rxd7 $14) 25. Bg3 Reb8 26. Red1 b5 27. Qa5 Nhf8 $132) 24... Ng6 25. g4 Qf4
26. Qxf4 Nxf4 27. Bg3 Ne6 28. Nh4 (28. Red3 Rad8 29. Rd6 Nhg5 30. Nxg5 hxg5 31.
a4 Kf8 $11) 28... Rad8 29. Rd6 g6 30. Kg2 Nhf8 31. Red3 Rxd6 32. Rxd6 c4 $5 (
32... Nc7 33. a4 b5 34. axb5 Nxb5 35. Ra6 Re6 36. Ra5 Nxc3 37. Rxc5 Ne4 38. Ra5
a6 $11) 33. Nf3 Nc5 $2 $16 (33... b5 34. Nd2 g5 35. a4 bxa4 36. Ra6 Nc5 37.
Rxa7 Rd8 38. Nxc4 Rd7 39. Ra5 Nfe6 40. Nb2 Ne4 41. c4 Rb7 42. Nxa4 Rb4 43. c5
Rc4 $44) (33... g5 $1 $132 {[%csl Rf4]}) 34. Nd2 b5 $2 $18 (34... g5 $1 {
[%csl Rf4]} 35. Nxc4 Rc8 $16) 35. f4 {[%cal Gf4f5]} Nfe6 (35... Nd3 36. Ne4 Re7
37. Nf6+ Kg7 38. Rd8 a6 39. f5 Ra7 (39... Nxe5 40. Nd5 $18) 40. Rb8 $16) (35...
a6 36. Kf3 Re6 37. Ne4 Rxd6 38. exd6 (38. Nxd6 Nfd7 39. f5 gxf5 40. gxf5 Kf8
41. Ke3 Nd3 42. Kd4 N7c5 43. Bh4 Nb3+ 44. Kd5 Nd2 45. Bf6 Nf4+ 46. Kc5 Nb1 47.
Kb6 Nd5+ 48. Kxa6 Ndxc3 49. e6 fxe6 50. fxe6 Nd5 51. e7+ Nxe7 52. Kxb5 Nxa3+
53. Kc5 $11) 38... Nfd7 39. Nxc5 Nxc5 40. Bf2 Nd7 41. Ke4 Kf8 42. Kd5 Ke8 43.
Bd4 $16) 36. Kf3 a5 (36... Nd3 37. Ne4 Kf8 38. h4 Re7 (38... g5 39. hxg5 hxg5
40. f5 Nec5 41. Nxg5 (41. Nxc5 Nxc5 42. Rd5 Na4 43. Rxb5 Nxc3 44. Ra5 Rc8 45.
Rxa7 Nb5 46. Rb7 c3 47. Be1 c2 48. Bd2 Nxa3 49. Bxg5 c1=Q 50. Bxc1 Rxc1 $11)
41... Nxe5+ 42. Bxe5 Rxe5 43. f6 Re8 44. Rd5 Rc8 45. Ne4 Nxe4 46. Kxe4 a6 47.
Rd6 Ra8 48. g5 a5 49. Rb6 b4 50. cxb4 axb4 51. Rxb4 Ke8 52. Rxc4 Rxa3 53. Rc7
Ra5 54. Rc8+ Kd7 55. g6 $18) 39. f5 gxf5 40. gxf5 Nc7 41. e6 fxe6 42. f6 Rh7
43. Rd8+ Kf7 44. Bxc7 $18) 37. f5 Ng5+ 38. Ke3 gxf5 39. gxf5 Nd3 40. Kd4 $6 (
40. Rd5 Nb2 41. h4 Nd1+ 42. Kd4 Nh3 43. Rxb5 Rd8+ 44. Rd5 Rxd5+ 45. Kxd5 Nxc3+
46. Kxc4 $18) 40... Kg7 $6 (40... Nc1 41. Ke3 Nd3 42. Rd5 $18) 41. h4 $1 (41.
a4 $2 bxa4 42. Nxc4 (42. h4 a3 43. Kxc4 a2 44. Nb3 Nc1 45. Na1 Ne4 46. Rd1 Rc8+
47. Kd4 Nxg3 $19) 42... Nc1 43. Rd7 a3 44. Nxa3 Ne2+ 45. Kd3 Nxg3 46. hxg3 Rxe5
47. g4 $11) 41... Nh3 42. Ne4 $4 $132 (42. Rd5 Nc1 (42... Rb8 43. e6 Nhf4 (
43... fxe6 44. Rd7+ $18 {[%cal Gg3b8]}) 44. Bxf4 Nxf4 45. Rd7 Rf8 46. Ne4 $18)
43. Ke3 Na2 44. Ne4 b4 45. cxb4 (45. Rxa5 bxc3 $17) 45... axb4 46. e6 c3 47.
Rd7 $18) (42. a4 bxa4 43. Nxc4 Nc1 44. Kc5 Rc8+ 45. Rc6 Rxc6+ 46. Kxc6 Ne2 47.
e6 fxe6 48. fxe6 Kf6 49. Kd7 $18) 42... Ng1 43. Ke3 $2 $17 (43. e6 Ne2+ 44. Kd5
fxe6+ 45. fxe6 Nxg3 46. Nxg3 Kf6 47. Ne2 (47. Ne4+ Kf5 48. Nc5 Rc8 49. Rc6 Rd8+
50. Nd7 Re8 51. Rb6 Nf4+ 52. Kc5 b4 53. cxb4 axb4 54. Kxc4 bxa3 55. Ra6 Rxe6
56. Rxa3 Kg4 $17) 47... Nb2 48. Ra6 Na4 $132) (43. Kd5 Ne2 44. Bh2 Ndf4+ 45.
Bxf4 Nxf4+ 46. Kd4 Ne2+ 47. Kd5 Nf4+ $11) 43... Nxe5 44. Bxe5+ Rxe5 45. Rd2 (
45. Kf4 Re8 46. Rd2 Nh3+ 47. Ke3 Re5 48. a4 (48. Rh2 Rd5 $1 $17) 48... bxa4 49.
Rd4 Rxf5 50. Rxc4 Rd5 51. Rxa4 f5 $17) 45... Kf8 $2 $132 {The last mistake in
the game.} (45... Nh3 $17) 46. f6 Re8 47. Rb2 (47. Kf4 $44) 47... Rd8 (47...
Re5 48. Kf4 Re8 49. Ng3 (49. Rxb5 Ne2+ 50. Kf3 Rxe4 51. Rb8+ Re8 52. Rxe8+ Kxe8
53. Kxe2 Kd7 54. Ke3 Ke6 55. Kd4 Kxf6 56. Kxc4 Ke5 57. Kd3 Kd5 58. c4+ Kc5 $19)
49... Re6 50. Rxb5 Rxf6+ 51. Ke5 $44) 48. Rxb5 Rd3+ 49. Kf4 Ne2+ 50. Ke5 Kg8
51. Rxa5 Nxc3 52. Nd6 (52. Nxc3 Rxc3 53. Kd4 Rh3 54. h5 c3 55. Rc5 c2 56. Rc8+
Kh7 57. Rxc2 Rxa3 $11) 52... Re3+ 53. Kd4 Rd3+ 54. Kxc4 Rxd6 55. Kxc3 Rxf6 56.
Rc5 Kf8 57. a4 Ke7 58. a5 Kd6 59. Rc4 Rf1 60. Kb2 Rf5 61. Ra4 Kc7 62. a6 Kb8
63. a7+ 1/2-1/2